00468nam a2200193Ia 4500003000400000005001700004008004100021020001800062040000700080041000800087082001600095100002700111245003200138250000600170260003800176300002400214365001400238650002200252OSt20230617094927.0210423s2004 xx 000 0 und d a0-7167-4366-3 cAL aeng a574.88 LODH aLODISH (Harvey);others aMolecular cell biology Ed 5 a5 aNew YorkbW H Freeman & Co.c2004 axxxix,1084,I-36bHB b3936cINR aMolecular Biology